header

Lectures in real geometry (Record no. 208278)

MARC details
000 -LEADER
fixed length control field 01451nam a2200349 a 4500
082 04 - DEWEY DECIMAL CLASSIFICATION NUMBER
Classification number 516.3/5
245 00 - TITLE STATEMENT
Title Lectures in real geometry
260 ## - PUBLICATION, DISTRIBUTION, ETC. (IMPRINT)
Place of publication Berlin ;
-- New York :
Name of publisher Walter de Gruyter,
Year of publication 1996.
300 ## - PHYSICAL DESCRIPTION
Number of Pages xiv, 268 p.
500 ## - GENERAL NOTE
General note "Elaborated versions of the lectures given ... at the Winter School in Real Geometry, held in Universidad Complutense de Madrid, January 3-7, 1994"--Fwd.
650 #0 - SUBJECT ADDED ENTRY--TOPICAL TERM
Topical Term Geometry, Analytic.
Topical Term Geometry, Algebraic.
700 1# - ADDED ENTRY--PERSONAL NAME
Personal name Broglia, Fabrizio,
856 40 - ELECTRONIC LOCATION AND ACCESS
Uniform Resource Identifier http://site.ebrary.com/lib/rucke/Doc?id=10588248

No items available.

© 2026 Rongo University
Contact us: librarian | system librarian | Rongo university